00885cam a2200277 a 450000100090000000300040000900500170001300800410003001000170007102000150008803500230010304000230012604200140014905000210016308200120018410000330019624500820022924600150031126000610032630000330038744000250042050400660044565000400051170000200055170000360057112899228OSt20180117085951.0020819s2001 enka b 001 0 eng d a 2002510786 a0387915923 a(OCoLC)ocm45565123 aEQOcEQOdMBBdDLC alccopycat00aBF141b.C47 200100a1502211 aChristensen, I. P.q(Ian P.)10aInstant notes psychology /cI.P. Christensen, H.L. Wagner, and M.S. Halliday.30aPsychology aOxford :bBIOS Scientific;aNew York :bSpringer,c2001. avi, 313 p. :bill. ;c25 cm. 0aInstant notes series aIncludes bibliographical references (p. [305]-308) and index. 0aPsychologyvOutlines, syllabi, etc.1 aWagner, Hugh L.1 aHalliday, M. S.q(M. Sebastian)